• 首页
  • 本馆介绍
  • 公告通知
  • 最新文献
  • 馆藏检索
  • 电子资源
  • 读者导购
  • 参考咨询
  • 我的图书馆
  • 登录
  • 详细信息显示
  • 放入我的书架
  • 预约/预借图书
  • 作者相关作品
  • 分类相关作品
  • 丛书相关作品
  • 出版社相关作品

书目信息

  • 表格格式
  • 工作单格式
  • 卡片格式
题名:
《史记·酷吏列传》译注
    
 
作者: 司马迁 著 ;冯树梁 , 苏经逸 著
分册:  
出版信息: 北京   群众出版社  1982
页数: 90页
开本: 19cm
丛书名:
单 册:
中图分类: K204.2
科图分类:
主题词: 中国--古代史--纪传体
电子资源:
ISBN:
000 00730nam0 2200265 45
001 0182007681
005 20060818104729.98
010    @dCNY0.30
091    @a11067.1
100    @a19950615d1982 em y0chiy0121 ea
101 0  @achi
102    @aCN@b110000
105    @ay z 000yy
200 12 @a《史记·酷吏列传》译注@A《Shi Ji·Ku Li Lie Chuan》Yi Zhu@f司马迁著@FSi Ma Qian Zhu@g冯树梁著@g苏经逸注释
210    @a北京@c群众出版社@d1982
215    @a90页@d19cm
605    @a史记@x注释
606 0  @a中国@x古代史@x纪传体
690    @aK204.2@v3
701  0 @a司马迁@4著
702  0 @a冯树梁@4著
702  0 @a苏经逸@4注释
801  0 @aCN@b上海图书馆@c20060818
801  2 @aCN@bNLC@c20060817
905    @dK204.2@e11@b89739@f1
    
    《史记·酷吏列传》译注/司马迁著/冯树梁著/苏经逸注释.-北京:群众出版社,1982
    90页;19cm
    
    
    ISBN :CNY0.30
    
●
相关链接 在E读中查询图书 在五车中查询图书 在当当中查询图书 在豆瓣中查询图书


正题名:《史记·酷吏列传》译注     索取号:K204.2/11         预约/预借

序号 登录号 条形码 馆藏地/架位号 状态 备注
1 0089739   001988059   密集书库/ [索取号:K204.2/11] 在馆    
2 0089740   000429414   密集书库/ [索取号:K204.2/11] 在馆    
3 0089741   000429423   第二样本阅览室/ [索取号:K204.2/11] 在馆    
4 0466317   204663177   密集书库/ [索取号:K204.2/11] 在馆    
5 0466318   204663186   密集书库/ [索取号:K204.2/11] 在馆    
6 0466518   204665184   密集书库/ [索取号:K204.2/11] 在馆    
唐山师范学院图书馆 欢迎您!
大连网信软件有限公司© 版权所有